|
|
|
|
| LEADER |
01293nam a22003614a 4500 |
| 001 |
EBC219737 |
| 003 |
MiAaPQ |
| 005 |
20200520144314.0 |
| 006 |
m o d | |
| 007 |
cr cn||||||||| |
| 008 |
030924s2004 enka sb 001 0 eng |
| 020 |
|
|
|z 0470869879 (cloth)
|
| 035 |
|
|
|a (MiAaPQ)EBC219737
|
| 035 |
|
|
|a (Au-PeEL)EBL219737
|
| 035 |
|
|
|a (CaPaEBR)ebr10114001
|
| 035 |
|
|
|a (CaONFJC)MIL27258
|
| 035 |
|
|
|a (OCoLC)54776196
|
| 040 |
|
|
|a MiAaPQ
|c MiAaPQ
|d MiAaPQ
|
| 050 |
|
4 |
|a HG4028.A84
|b D43 2004
|
| 082 |
0 |
4 |
|a 658.15/26
|2 22
|
| 100 |
1 |
|
|a Deacon, John,
|d 1969-
|
| 245 |
1 |
0 |
|a Global securitisation and CDOs
|h [electronic resource] /
|c John Deacon.
|
| 260 |
|
|
|a Chichester, England ;
|a Hoboken, NJ :
|b Wiley,
|c 2004.
|
| 300 |
|
|
|a xiv, 674 p. :
|b ill.
|
| 490 |
1 |
|
|a Wiley finance series
|
| 504 |
|
|
|a Includes bibliographical references (p. [657]-658) and index.
|
| 533 |
|
|
|a Electronic reproduction. Ann Arbor, MI : ProQuest, 2015. Available via World Wide Web. Access may be limited to ProQuest affiliated libraries.
|
| 650 |
|
0 |
|a Asset-backed financing.
|
| 650 |
|
0 |
|a Debt.
|
| 655 |
|
4 |
|a Electronic books.
|
| 710 |
2 |
|
|a ProQuest (Firm)
|
| 830 |
|
0 |
|a Wiley finance series.
|
| 856 |
4 |
0 |
|u https://ebookcentral.proquest.com/lib/matrademy/detail.action?docID=219737
|z Click to View
|